000 00479nam a2200169Ia 4500
999 _c19515
_d19515
003 OSt
005 20200706104554.0
008 190216s9999||||xx |||||||||||||| ||und||
040 _coclc
082 _a940.53
_bSUB/S
100 _aSubrahmanyam, K
_93544
245 4 _aThe Second Cold War /
_cK Subrahmanyam
260 _bAbc Publishing House,
_c1983.
_aNew Delhi:
300 _a213p
650 _aHistory
942 _cBK
_2ddc
_h940.53
_iSUB/S
_k940.53
_mSUB/S